000 00524nam a2200181Ia 4500
003 GCL
008 140319s9999 xx 000 0 ara d
040 _aGCL /
_cGCL
082 0 4 _a811.01
_bج ق
100 1 _aجمال عبده صالح
245 1 0 _aقصائد حب وردية /
_cجمال عبده صالح
300 _a112 ص ؛
_c24 سم
490 _a
650 0 4 _aالشعر العربى
650 0 4 _aالشعر الغزلى
650 0 4 _aالشعر العربى - دواوين وقصائد
942 _2ddc
_cBK
999 _c52268
_d52268